| 000 | 00590nam a2200181Ia 4500 | ||
|---|---|---|---|
| 008 | 151202s9999||||xx |||||||||||||| ||und|| | ||
| 082 | _bPNVM-12548 | ||
| 100 | _aभागवत भा.रा. | ||
| 245 | _aजॉर्ज वॉशिंग्टन. | ||
| 260 | _b"ग. पा. परचुरे, मुंबई." | ||
| 260 | _c0 | ||
| 300 | _a176 | ||
| 600 | _aभागवत भा.रा. | ||
| 630 | _aजॉर्ज वॉशिंग्टन. | ||
| 700 | _aभागवत भा.रा. | ||
| 730 | _aजॉर्ज वॉशिंग्टन. | ||
| 942 | _cBOOK | ||
| 999 |
_c1278535 _d1278532 |
||